SCORED FOR LISTERING A GUIDE TO MUSIC (Record no. 40094)
[ view plain ]
| 000 -LEADER | |
|---|---|
| fixed length control field | 00281nam a22001217a 4500 |
| 008 - FIXED-LENGTH DATA ELEMENTS--GENERAL INFORMATION | |
| fixed length control field | 180111b xxu||||| |||| 00| 0 eng d |
| 041 ## - LANGUAGE CODE | |
| Language code of text/sound track or separate title | eng |
| 080 ## - UNIVERSAL DECIMAL CLASSIFICATION NUMBER | |
| Universal Decimal Classification number | 78 |
| 100 ## - Rafti | |
| Rafti | 45 |
| 101 ## - Shkurtesa | |
| Shkurtesa | mus |
| 245 ## - TITLE STATEMENT | |
| Title | SCORED FOR LISTERING A GUIDE TO MUSIC |
| Statement of responsibility, etc | STARR.W,J |
| 942 ## - ADDED ENTRY ELEMENTS (KOHA) | |
| Source of classification or shelving scheme | |
| Item type | Books |
No items available.